00679nam a2200205Ia 4500003000900000008004100009020001600050040001600066080001300082100003000095245009300125260003300218300001700251650004100268650002500309650001800334942000700352999001500359952009900374IN-BaIIA211028s9999 xx 000 0 eng d a306-30425-2 cIIA Library a533bTSY aTsytovich, Vadim N914051 0aNonlinear effects in plasmacVadim N Tsytovich  aNew YorkbPlenum Pressc1970 axviii, 332p. aAstronomy and astrophysics thesaurus aPlasma physics93732 aPlasmas91898 cBK c8379d8379 00104070aBANbBANcGENd1985-08-06l0o533/ TSYp9228r2021-11-05w1985-08-06yBKG£ 52.25